Impact assignments in english
Uloženo v:
| Hlavní autor: | |
|---|---|
| Médium: | Kniha |
| Jazyk: | angličtina |
| Vydáno: |
Londres
Longman
1975
|
| Vydání: | 2a. ed |
| Témata: | |
| Tagy: |
Přidat tag
Žádné tagy, Buďte první, kdo vytvoří štítek k tomuto záznamu!
|
MARC
| LEADER | 00000nam a2200000 a 4500 | ||
|---|---|---|---|
| 001 | UCQ3320 | ||
| 003 | CL-VaPUC | ||
| 008 | 980817e19750000UK |||||||||||||||||eng|d | ||
| 082 | 0 | 4 | |a 428.07 |b HEA |2 21 |
| 100 | |a Heath, R. B |e author |9 561421 | ||
| 245 | 1 | 0 | |a Impact assignments in english |
| 250 | |a 2a. ed | ||
| 300 | |a 234 p | ||
| 942 | |c BK | ||
| 945 | |d 19980817 00:00:00 |a crobeson | ||
| 260 | |a Londres |b Longman |c 1975 | ||
| 650 | 0 | |a Inglés |9 260023 | |
| 650 | 7 | |a LECCIONES |2 CL-VaPUC |9 351131 | |
| 650 | 0 | |a Lectura |9 307634 | |
| 650 | 0 | |a Enseñanza de idiomas |9 339820 | |
| 650 | 0 | |a Educación lingüística |9 306506 | |
| 583 | |a last modification |c 19980817 00:00:00 |k Rodrigo Vera | ||
| 999 | |c 273909 |d 273907 | ||
| 952 | |0 0 |1 0 |4 0 |6 428_070000000000000_HEA_1975 |7 0 |8 A |9 309890 |a BIBEDU |b BIBEDU |d 2019-11-20 |i 145563K |o 428.07 HEA 1975 |p 145563K |r 2019-11-20 |w 2019-11-20 |y BK |k LIT | ||